LEADER 01830nam a2200385 a 4500 001 000000159222 003 CaOOAMICUS 005 20170302110539.0 008 170302s2017 it u000 u ita r 020 $a978-88-311-7313-1* 032 $aLibriCat 040 $aPUL$bita 041 1 $aita$hlat 082 04$a191 100 1 $aLonergan, Bernard Joseph Francis,$cS.I.,$d1904-1984.$0(OLS)http://pul/name/479 240 10$aDe constitutione Christi ontologica et psychologica.$lItaliano.$0(OLS)http://pul/title/198835 245 13$aLa costituzione ontologica e psicologica di Cristo : $bun supplemento al "Il Verbo incarnato" /$cBernard J.F. Lonergan ; edizione italiana a cura di Alberto Schena. 260 $aRoma :$bCittà Nuova,$c©2017. 300 $a196 p. ;$c21 cm. 490 1 $aOpere di Bernard J.F. Lonergan ;$v07 500 $aComprende indici. 650 4$aCristologia.$0(OLS)http://pul/subject/1402 650 4$aTeologia dogmatica.$0(OLS)http://pul/subject/663 700 1 $aSchena, Alberto.$0(OLS)http://pul/name/101758 800 1 $aLonergan, Bernard Joseph Francis,$cS.I.,$d1904-1984.$tOpere ;$v07.$0(OLS)http://pul/nameTitle/681$0(OLS)http://pul/name/479$0(OLS)http://pul/title/5258 850 $aPUL 852 $aPUL$W1$xSL Filosofia 3$y81$m191 LONBE 1.7$j182528$qDDC 21$B185736$CPULBib$Z2$F185736 $H129065 $81 941 1 $a9 960 $aIesus Christus$91402 960 $aIesus Christus$91402 996 $6020$a978-88-311-7313-1*$9(OLS)http://pul/number/162137 996 $6082$a191$9(OLS)http://pul/classification/499 996 $6245$aLa costituzione ontologica e psicologica di Cristo : $bun supplemento al "Il Verbo incarnato"$9(OLS)http://pul/title/198836 996 $6260$aRoma :$bCittà Nuova$9(OLS)http://pul/publisher/47927 LEADER 01164nam a2200301 a 4500 001 000000133228 003 CaOOAMICUS 005 20130315150000.0 008 130315s1984 it u000 u ita r 020 $a88-420-2245-4 040 $aPUL$bita 100 1 $aHillman, James.$0(OLS)http://pul/name/50177 245 10$aIntervista su amore anima e psiche /$cJames Hillman ; a cura di Marina Beer. 250 $a2. ed. 260 $aRoma ;$aBari :$bLaterza,$c1984. 300 $a155 p. ;$c18 cm 490 1 $aSaggi tascabili Laterza ;$v92 650 4$aPsicoterapia.$0(OLS)http://pul/subject/7249 700 1 $aBeer, Marina.$0(OLS)http://pul/name/85860 830 0$aSaggi tascabili Laterza ;$v92.$0(OLS)http://pul/title/33436 850 $aPUL 852 $aPUL$W1$xDP1 Fondo E. Rossi$y115$m1 H 42$j42875$qFondi$B152674$CPULBib$Z2$F152674 $82 941 1 $a1 961 $aSul dorso collocazione ms. di E. Rossi: H 17 996 $6020$a88-420-2245-4$9(OLS)http://pul/number/152191 996 $6245$aIntervista su amore anima e psiche$9(OLS)http://pul/title/168356 996 $6260$aRoma ;$aBari :$bLaterza$9(OLS)http://pul/publisher/57682